|
|
|
|
| LEADER |
00000nab a2200000 a 4500 |
| 001 |
vtls000416418 |
| 003 |
SK-MaSNL |
| 005 |
20260304032353.0 |
| 008 |
230217c1990 xo 0 slo |
| 015 |
|
|
|a SNBRB19rr/mm-uuuuu
|
| 035 |
|
|
|a CL0416543
|
| 035 |
|
|
|a urn:nbn:sk:snk-abblto
|
| 035 |
|
|
|a (urnnbn)urn:nbn:sk:snk:ar-001i5c
|
| 035 |
|
|
|a (uuid)dba35df3-729b-4867-869b-477bccbf50ef
|
| 040 |
|
|
|a SNKBUCL
|b slo
|c SNKBUCL
|e AACR2
|
| 041 |
0 |
|
|a slo
|b eng
|b rus
|
| 044 |
|
|
|a xo
|c SK
|
| 080 |
|
|
|a 669.15.017:539.3
|2 1981
|
| 080 |
|
|
|a 539.3
|2 1981
|
| 100 |
1 |
|
|a Puškár, Anton,
|d 1939-
|4 aut
|9 215131
|
| 245 |
1 |
0 |
|a Vplyv magnetického poľa na vnútorné tlmenie a defekt modulu pružnosti ocele
|c Anton Puškár
|
| 300 |
|
|
|b Tb. 1. Grafy 5. Sch. 1
|
| 504 |
|
|
|a Bibliogr. odkazy
|
| 650 |
0 |
7 |
|a oceľ 12 023.1
|2 snkbucl
|9 1313038
|
| 650 |
0 |
7 |
|a modul pružnosti ocele
|2 snkbucl
|9 1313039
|
| 650 |
0 |
7 |
|a tlmenie kovov vnútorné
|2 snkbucl
|9 1313040
|
| 650 |
0 |
7 |
|a magnetické pole
|2 snkbucl
|9 89417
|
| 655 |
|
7 |
|a články z novín a časopisov
|2 snkbucl
|9 267496
|
| 773 |
0 |
|
|t Kovové materiály
|g Roč. 28, č. 4 (1990), s. 45-456
|
| 850 |
|
|
|a Slovenská národná knižnica v Martine
|a MTA001
|
| 852 |
|
|
|a SNK
|b KIS3GCP
|
| 954 |
|
|
|a odborná, vedecká literatúra pôvodná (slovenská)
|2 lita
|
| 958 |
|
|
|a NB
|
| 958 |
|
|
|a RK
|
| 958 |
|
|
|a OND
|
| 958 |
|
|
|a EUIPO
|
| 958 |
|
|
|a article15
|
| 992 |
|
|
|a RBX
|
| 999 |
|
|
|c 2642821
|d 2644751
|